Le Anguane L'uomo con la testa a destra e il cuore a sinistra

Enregistré dans:
Détails bibliographiques
Auteur principal: Antonio Moretta
Format: Livre
Langue:langue indéterminée
Publié: Aletti Editore
Tags: Ajouter un tag
Pas de tags, Soyez le premier à ajouter un tag!

MARC

LEADER 00000nam a2200000Ia 4500
001 R-494
003 CODICE-MESSINA
005 20260212102452.0
008 260211s9999 xx 000 0 und d
040 |c importazione_messina 
100 |a Antonio Moretta 
245 0 |a Le Anguane 
245 0 |b L'uomo con la testa a destra e il cuore a sinistra 
260 |b Aletti Editore 
942 |2 ddc  |c BK 
952 |0 0  |1 0  |2 ddc  |4 0  |6 SCAFFALE_5_000000000000000__ROMANZI  |7 0  |9 31314  |a ME  |b ME  |d 2026-02-11  |l 0  |o SCAFFALE 5 - ROMANZI  |p R-494  |r 2026-02-11 23:52:28  |w 2026-02-11  |x [REVISIONARE]  |y BK 
999 |c 26978  |d 26978